| 000 | 00555nam a2200169Ia 4500 | ||
|---|---|---|---|
| 005 | 20250529083244.0 | ||
| 008 | 231217s9999 xx 000 0 und d | ||
| 020 | _a9780911753158 | ||
| 082 | _a658 CAB;2 R | ||
| 100 | _aCabell, David W E. Louisiana, Lake Charles. Deborah L ed. | ||
| 245 | 0 | _aCabell's directory of publishing opportunities in management Vol-II, H through I | |
| 250 | _a8th ed. | ||
| 260 |
_c2002 _bCabell Pub. _aTexas |
||
| 300 | _a841 | ||
| 650 | _aCabell's,directory,publishing,opportunities,management,Vol-II,,H | ||
| 942 | _cAA | ||
| 999 |
_c195597 _d195597 |
||